Principalities of Medieval Livonia on a Map - Statistics

General Stats
  • This quiz has been taken 92 times
  • The average score is 3 of 5
Answers on the Map
Answers color-coded by a green-red scale on the quiz's map according to % correct below.
 
Answer Stats
Arms Principality % Correct
Archbishopric of Riga
96%
Bishopric of Courland
70%
Bishopric of Ösel–Wiek
42%
Bishopric of Dorpat
38%
Livonian Order
26%
No matching quizzes found
Score Distribution
Percent of People with Each Score
Percentile by Number Answered
Your Score History
You have not taken this quiz